000 00532nam a22001937a 4500
003 KOHA_MİRAKIL
005 20251003113432.0
008 251003b tu ||||| |||| 00| 0 tur d
020 _a9789944717472
040 _aTR-AnABB
_btur
_cTR-AnABB
041 _atur
082 _a833.6
_bBOİ 2010
100 1 _aBoie, Kirsten,
245 1 0 _aArkana bakma /
_cKirsten Boie
260 _aİstanbul :
_bGünışığı Kitaplığı,
_c2010
300 _a175 sayfa ;
_c18 cm
650 0 4 _aAlman edebiyatı, roman
942 _2ddc
_cBK
999 _c9060
_d9060
900 _bGizem YORULMAZ